Statistics for Fast Typing #7 A-Z

Click here to take the quiz!

General Stats

  • This quiz has been taken 57 times
  • The average score is 23 of 26

Answer Stats

Answer% Correct
A
100%
B
97%
C
97%
D
97%
E
97%
F
97%
G
97%
H
94%
I
94%
O
90%
S
90%
U
90%
K
87%
L
87%
P
87%
Q
87%
R
87%
T
87%
J
84%
M
84%
N
84%
W
84%
Y
84%
V
77%
X
77%
Z
77%

Score Distribution

Percentile by Number Answered

Percent of People with Each Score

Your Score History

You have not taken this quiz